5-literowa geografia - Statystyki

Ogólne statystyki
  • Ten quiz został rozwiązany 380 razy
  • Średni wynik to 13 z 22
Statystyki odpowiedzi
Wskazówka Odpowiedź % Poprawnych
Kraj piramid i faraonów. Egipt
91%
Rzeka przepływająca przez Warszawę. Wisła
90%
Największe miasto na Litwie. Wilno
87%
Największe miasto w Bułgarii. Sofia
84%
Kraj o największej liczbie Hindusów. Indie
83%
Sąsiad Indii i Chin. Nepal
76%
Najdłuższa rzeka w Europie. Wołga
76%
Wzgórze z twierdzą na Starym Mieście w Krakowie. Wawel
71%
Kraj, którego stolicą jest Bejrut. Liban
63%
Stolica Senegalu. Dakar
61%
Druga najdłuższa rzeka w Afryce. Kongo
61%
Stolica Ekwadoru. Quito
59%
Włoskie miasto, które było gospodarzem Igrzysk Olimpijskich w 2006 roku. Turyn
56%
Finlandia po fińsku. Suomi
45%
Stolica Australii Zachodniej. Perth
44%
Norwegia po norwesku. Norge
41%
3. najdłuższa rzeka w Afryce. Niger
40%
Kraj został aneksowany przez Chiny w 1952 roku. Tybet
40%
Miasto ze sztuczną „Wyspy Palmowe”. Dubaj
35%
Wyspa znana wcześniej jako Hispaniola. Haiti
30%
Stolica Dalmacji. Split
28%
Stolica Tatarstanu. Kazań
16%
Nie znaleziono quizów pasujących do podanych kryteriów
Rozkład punktacji
Procent ludzi z każdym wynikiem
Percentyl według liczby udzielonych odpowiedzi
Twoja historia wyników
Nie rozwiązałeś tego quizu